Principle of corporate finance
Na minha lista:
| Autor principal: | |
|---|---|
| Formato: | Livro |
| Idioma: | inglês |
| Publicado em: |
M.c. Graw Hill Education.
2020
|
| Tags: |
Adicionar Tag
Sem tags, seja o primeiro a adicionar uma tag!
|
MARC
| LEADER | 00000nam a22000007a 4500 | ||
|---|---|---|---|
| 008 | 210908b ||||| |||| 00| 0 eng d | ||
| 020 | |a 9781260565553 | ||
| 100 | |a BREALEY, Richard .A. | ||
| 245 | |a Principle of corporate finance |c Richard .A. Brealey |g xxx, 124p.ill. | ||
| 250 | |b 13th edition | ||
| 260 | |b M.c. Graw Hill Education. |c 2020 |d Book |h New York |i 697032 |i 697033 |l HG 4026.B 75 |m Corporation-Finance | ||
| 500 | |a "It includes giossary and index" | ||
| 942 | |a lcc |c BK |e Olagoke, M.A. |f 09/09/2021. | ||
| 952 | |0 0 |1 0 |2 lcc |4 0 |7 0 |9 3463 |a HOL |b SSL |c GJ |d 2021-09-08 |o HG 4026.B75 |p 2021-67180 |r 2021-09-08 00:00:00 |t 697033 |w 2021-09-08 |y BK | ||
| 952 | |0 0 |1 0 |2 lcc |4 0 |7 0 |9 3464 |a HOL |b HOL |c GJ |d 2021-09-08 |o HG 4026.B75 |p 2021-67181 |r 2021-09-08 00:00:00 |t 697032 |w 2021-09-08 |y BK | ||
| 999 | |c 1724 |d 1724 | ||